Distant voices drawing near : (Record no. 119747)
[ view plain ]
| 000 -LEADER | |
|---|---|
| fixed length control field | 02744cam a22003494a 4500 |
| 001 - CONTROL NUMBER | |
| control field | 13345209 |
| 003 - CONTROL NUMBER IDENTIFIER | |
| control field | ARRUPE |
| 005 - DATE AND TIME OF LATEST TRANSACTION | |
| control field | 20140129143942.0 |
| 008 - FIXED-LENGTH DATA ELEMENTS--GENERAL INFORMATION | |
| fixed length control field | 030916s2004 mnua b 011 0 eng |
| 010 ## - LIBRARY OF CONGRESS CONTROL NUMBER | |
| LC control number | 2003020581 |
| 020 ## - INTERNATIONAL STANDARD BOOK NUMBER | |
| International Standard Book Number | 0814651577 (pbk.) |
| 040 ## - CATALOGING SOURCE | |
| Original cataloging agency | DLC |
| Transcribing agency | DLC |
| Modifying agency | DLC |
| 042 ## - AUTHENTICATION CODE | |
| Authentication code | pcc |
| 050 00 - LIBRARY OF CONGRESS CALL NUMBER | |
| Classification number | BT83.55 |
| Item number | .D58 2004 |
| 082 00 - DEWEY DECIMAL CLASSIFICATION NUMBER | |
| Classification number | 230/.082 |
| Edition number | 22 |
| 300 ## - PHYSICAL DESCRIPTION | |
| Other physical details | ill. ; |
| Dimensions | 23 cm. |
| 100 ## - MAIN ENTRY--PERSONAL NAME | |
| Personal name | Wire, Antoinette Clark. |
| 9 (RLIN) | 7220 |
| 245 00 - TITLE STATEMENT | |
| Title | Distant voices drawing near : |
| Remainder of title | essays in honor of Antoinette Clark Wire / |
| Statement of responsibility, etc | Marvin L. Chaney ... [et al.] ; Holly E. Hearon, editor. |
| 260 ## - PUBLICATION, DISTRIBUTION, ETC. (IMPRINT) | |
| Place of publication, distribution, etc | Collegeville, Minn. : |
| Name of publisher, distributor, etc | Liturgical Press, |
| Date of publication, distribution, etc | c2004. |
| 300 ## - PHYSICAL DESCRIPTION | |
| Extent | xx, 258 p. : |
| 500 ## - GENERAL NOTE | |
| General note | "A Michael Glazier book." |
| 504 ## - BIBLIOGRAPHY, ETC. NOTE | |
| Bibliography, etc | Includes bibliographical references and index. |
| 505 0# - FORMATTED CONTENTS NOTE | |
| Formatted contents note | "What she has done will be told-- " : reflections on writing feminist history / Elisabeth Schssler Fiorenza -- Phoebe, a minister in the early Christian church / Sojung Yoon -- Listen to the voices of the women / Holly E. Hearon and Linda M. Maloney -- Why did Sarah laugh? / Gina Hens-Piazza -- Metaphor and ambiguity in Liber antiquitatum biblicarum : a cognitive linguistic analysis / Mary Therese DesCamp -- Purity and holiness of women and men in 1 Corinthians and the consequences for feminist hermeneutics / Luise Schottroff -- Accusing whom of what? : Hoseas rhetoric of promiscuity / Marvin L. Chaney -- The parable of the ten virgins (Matthew 25:1-13) : the integrity of identity and activity / Herman C. Waetjen -- De-colonizing ourselves as readers : the story of the Syro-Phoenician woman as a text / Hisako Kinukawa -- What's the matter with Nicodemus? : a social science perspective on John 3:1-21 / Richard L. Rohrbaugh -- Sacrifice no more / Joanna Dewey -- Engaging lamentations and The lament for the South : a cross-textual reading / Archie Chi Chung Lee -- Homer and Scripture in the Gospel of Mark / Robert B. Coote and Mary P. Coote -- The life and death of the just one : a community schism in Wisdom of Solomon / Barbara Green -- JAGNEIA as a sublime form of ERWS in the Acts of Paul and Thecla / Eung Chun Park -- Rendezvous with Thekla and Paul in Ephesos : excavating the evidence / Ruth Ohm Wright. |
| 630 00 - SUBJECT ADDED ENTRY--UNIFORM TITLE | |
| Uniform title | Bible |
| General subdivision | Feminist criticism. |
| 9 (RLIN) | 7221 |
| 650 #0 - SUBJECT ADDED ENTRY--TOPICAL TERM | |
| Topical term or geographic name as entry element | Feminist theology. |
| 9 (RLIN) | 7222 |
| 700 1# - ADDED ENTRY--PERSONAL NAME | |
| Personal name | Wire, Antoinette Clark. |
| 9 (RLIN) | 7223 |
| 700 1# - ADDED ENTRY--PERSONAL NAME | |
| Personal name | Chaney, Marvin L. |
| 9 (RLIN) | 7224 |
| 700 1# - ADDED ENTRY--PERSONAL NAME | |
| Personal name | Hearon, Holly E. |
| 9 (RLIN) | 7225 |
| 856 41 - ELECTRONIC LOCATION AND ACCESS | |
| Materials specified | Table of contents |
| Uniform Resource Identifier | <a href="http://www.loc.gov/catdir/toc/ecip049/2003020581.html">http://www.loc.gov/catdir/toc/ecip049/2003020581.html</a> |
| 906 ## - LOCAL DATA ELEMENT F, LDF (RLIN) | |
| a | 7 |
| b | cbc |
| c | orignew |
| d | 1 |
| e | ecip |
| f | 20 |
| g | y-gencatlg |
| 942 ## - ADDED ENTRY ELEMENTS (KOHA) | |
| Source of classification or shelving scheme | Library of Congress Classification |
| Koha item type | Monograph ( Printed materials) |
| Withdrawn status | Lost status | Source of classification or shelving scheme | Damaged status | Not for loan | Collection code | Home library | Current library | Shelving location | Date acquired | Total Checkouts | Full call number | Barcode | Date last seen | Date checked out | Price effective from | Koha item type |
|---|---|---|---|---|---|---|---|---|---|---|---|---|---|---|---|---|
| Library of Congress Classification | Main Collection | ARRUPE LIBRARY | ARRUPE LIBRARY | Main Collection | 29/01/2014 | 1 | BT83.55 .D58 2004 | 464123502 | 20/11/2017 | 13/11/2017 | 29/01/2014 | Monograph ( Printed materials) |